000 00505 a2200169 4500
003 OSt
005 20250710121802.0
008 250524b |||||||| |||| 00| 0 eng d
020 _a9789354246197
040 _coclc
082 _a658.472
_bKUM/B
100 _aKumar, Dinesh U
_99334
245 _aBusiness Analytics:
_bThe Science of Data-Driven Decision Making /
260 _bWiley,
_aIndia:
_c2022.
300 _a623 pages
942 _2ddc
_cBK
_h658.472
_iKUM/B
_k658.472
_mKUM/B
999 _c44495
_d44495